[Event "London Mill Hill op U1700"]
[Site "London"]
[Date "2022.03.27"]
[Round "4"]
[White "Trishad, Shanjit"]
[Black "Goulbourne, Nick"]
[Result "1/2-1/2"]
[WhiteElo "1525"]
[BlackElo "1369"]
[PlyCount "120"]
[EventDate "2022.03.26"]
[EventType "swiss"]
[EventRounds "5"]
[EventCountry "ENG"]
[SourceTitle "EXT 2024"]
[Source "ChessBase"]
[SourceDate "2023.10.10"]
[SourceVersion "1"]
[SourceVersionDate "2023.10.10"]
[SourceQuality "1"]

1. e4 c6 2. Nf3 d5 3. exd5 cxd5 4. d4 Nf6 5. Bd3 Bg4 6. Be3 Bxf3 7. Qxf3 Qb6 8. Nd2 Qxb2 9. 0-0 Qc3 10. Rab1 b6 11. Rb3 Qc8 12. c4 e6 13. Bg5 Nbd7 14. cxd5 Nxd5 15. Re1 Be7 16. Bxe7 Nxe7 17. Ne4 0-0 18. Qh5 g6 19. Qh4 Nf5 20. Qh3 Qd8 21. d5 exd5 22. Nc3 d4 23. Bxf5 Nc5 24. Rbb1 dxc3 25. Bc2 Qd2 26. Rbc1 Rae8 27. Red1 Qe2 28. Qxc3 Qe5 29. Qf3 Qe2 30. Qf6 Re6 31. Qa1 Rfe8 32. g3 Qf3 33. Re1 Re2 34. Rf1 h5 35. h4 g5 36. Bd1 gxh4 37. Bxe2 Rxe2 38. Qc3 Qxc3 39. Rxc3 hxg3 40. Rxg3+ Kh7 41. Ra3 a5 42. Rd1 Ne4 43. Rd5 Rxf2 44. Re3 Nf6 45. Rd6 Rf5 46. Re7 Kg7 47. Rb7 Rb5 48. Rc6 Rb1+ 49. Kg2 Rb2+ 50. Kf3 Rxa2 51. Rcc7 Ra3+ 52. Ke2 Ra2+ 53. Kd3 Ra3+ 54. Kc2 Ra2+ 55. Kb3 Rf2 56. Rxf7+ Kh6 57. Rxb6 Kg6 58. Ra6 Rf3+ 59. Kc2 Rf2+ 60. Kd3 Rf3+ 1/2-1/2

[Event "London Classic op U1750 11th"]
[Site "London"]
[Date "2019.12.03"]
[Round "2"]
[White "Goulbourne, Nick"]
[Black "Finnegan, Oliver"]
[Result "0-1"]
[WhiteElo "1454"]
[BlackElo "1695"]
[PlyCount "94"]
[EventDate "2019.12.02"]
[EventType "swiss"]
[EventRounds "5"]
[EventCountry "ENG"]
[SourceTitle "CBM 195 Extra"]
[Source "ChessBase"]
[SourceDate "2020.05.31"]
[SourceVersion "1"]
[SourceVersionDate "2020.05.31"]
[SourceQuality "1"]

1. d4 e6 2. a3 f5 3. c4 Nf6 4. Nc3 Be7 5. Nf3 d6 6. e3 0-0 7. Be2 Qe8 8. Bd2 Ne4 9. 0-0 Bf6 10. Bd3 Nxd2 11. Qxd2 e5 12. dxe5 dxe5 13. Be2 Nc6 14. Nd5 Bd8 15. Rad1 e4 16. Nd4 Nxd4 17. Qxd4 c6 18. Nc3 Bf6 19. Qd2 Be5 20. f4 Bf6 21. Qc2 Be6 22. Na4 b6 23. Nc3 Qe7 24. Rd2 Rad8 25. Rfd1 Rxd2 26. Rxd2 Rd8 27. b4 Rxd2 28. Qxd2 Qd7 29. Qxd7 Bxd7 30. Nd1 c5 31. b5 g5 32. fxg5 Bxg5 33. Kf2 Bf6 34. g3 Kg7 35. Ke1 Kg6 36. Kd2 Kh6 37. Nc3 Bxc3+ 38. Kxc3 Be8 39. Kd2 Bh5 40. Ke1 Kg5 41. h4+ Kg6 42. Bxh5+ Kxh5 43. Kf2 Kg4 44. Kg2 h6 45. a4 h5 46. Kf2 Kh3 47. g4 fxg4 0-1

[Event "London Chess Classic op 10th"]
[Site "London"]
[Date "2018.12.09"]
[Round "1"]
[White "Goulbourne, Nick"]
[Black "Othman, Wael"]
[Result "1-0"]
[WhiteElo "1533"]
[BlackElo "1305"]
[PlyCount "106"]
[EventDate "2018.12.09"]
[EventType "swiss"]
[EventRounds "5"]
[EventCountry "ENG"]
[SourceTitle "EXT 2021"]
[Source "ChessBase"]
[SourceDate "2020.10.23"]
[SourceVersion "1"]
[SourceVersionDate "2020.10.23"]
[SourceQuality "1"]

1. d4 d5 2. c3 c6 3. Nf3 Nf6 4. e3 g6 5. Qc2 Bg7 6. Bd3 0-0 7. 0-0 Re8 8. Ne5 Nbd7 9. f4 Nxe5 10. fxe5 Ne4 11. Bxe4 dxe4 12. Qxe4 Bf5 13. Qf4 Rf8 14. Nd2 e6 15. e4 g5 16. Qg3 Bg6 17. Qg4 f5 18. exf5 Rxf5 19. Rxf5 exf5 20. Qe2 Qe7 21. Nf3 f4 22. h3 Bh5 23. Bd2 Rf8 24. Rf1 Qe8 25. Qc4+ Bf7 26. Qb4 b5 27. Nxg5 Bc4 28. Rxf4 Rxf4 29. Bxf4 Qd8 30. Qd6 Qf8 31. Qxf8+ Bxf8 32. a3 Kg7 33. Kf2 Kg6 34. Ne4 Kf5 35. Ke3 Bd5 36. Nd6+ Ke6 37. g4 h6 38. g5 h5 39. Ne8 a5 40. Nf6 b4 41. axb4 axb4 42. cxb4 Bxb4 43. Nxd5 cxd5 44. Kd3 Kf5 45. h4 Ba5 46. Bd2 Bb6 47. Bb4 Bd8 48. Bc5 Bc7 49. b4 Bb8 50. b5 Ke6 51. b6 Kd7 52. Ke3 Ke6 53. Kf4 Kd7 1-0

[Event "London Classic op U1750 9th"]
[Site "London"]
[Date "2017.12.04"]
[Round "1"]
[White "Merrifield, Peter"]
[Black "Goulbourne, Nick"]
[Result "0-1"]
[WhiteElo "1149"]
[BlackElo "1555"]
[PlyCount "102"]
[EventDate "2017.12.04"]
[EventType "swiss"]
[EventRounds "5"]
[EventCountry "ENG"]
[SourceTitle "CBM 182 Extra"]
[Source "ChessBase"]
[SourceDate "2018.02.23"]
[SourceVersion "1"]
[SourceVersionDate "2018.02.23"]
[SourceQuality "1"]

1. d4 d5 2. c4 c6 3. Nc3 g6 4. Bf4 Bg7 5. e3 Nf6 6. Nf3 Bg4 7. Be2 a6 8. 0-0 e6 9. h3 Bxf3 10. Bxf3 0-0 11. b3 Nfd7 12. cxd5 cxd5 13. Rc1 Nc6 14. Ne2 f5 15. h4 Qxh4 16. Bg3 Qe7 17. Rc2 Nf6 18. Bh4 Qe8 19. Qc1 Ne4 20. Bxe4 fxe4 21. Rd1 h6 22. Bg3 g5 23. Bd6 Rf7 24. Ng3 Rd8 25. Bc5 Rf6 26. Bb6 Rc8 27. Rdd2 Rf8 28. Bc5 Rf6 29. Ba3 h5 30. Qd1 h4 31. Nh5 Rh6 32. Nxg7 Kxg7 33. f4 Qg6 34. Qg4 gxf4 35. Qxg6+ Rxg6 36. exf4 Rg8 37. Kh2 Rg3 38. Bd6 e3 39. Re2 Kf7 40. f5 Nxd4 41. Rc7+ Kf6 42. Bxg3 hxg3+ 43. Kh3 Nxe2 44. Kh4 Nf4 45. Rh7 Kxf5 46. Rf7+ Ke5 47. Rc7 e2 48. Rc1 Nd3 49. Ra1 e1Q 50. Rxe1+ Nxe1 51. Kh3 Kf4 0-1

[Event "London Classic op U1750 8th"]
[Site "London"]
[Date "2016.12.15"]
[Round "4"]
[White "Lee, Alexander"]
[Black "Goulbourne, Nick"]
[Result "0-1"]
[WhiteElo "1195"]
[BlackElo "1510"]
[PlyCount "134"]
[EventDate "2016.12.12"]
[EventType "swiss"]
[EventRounds "5"]
[EventCountry "ENG"]
[SourceTitle "EXT 2019"]
[Source "ChessBase"]
[SourceDate "2018.10.10"]
[SourceVersion "1"]
[SourceVersionDate "2018.10.10"]
[SourceQuality "1"]

1. e4 c6 2. d4 d5 3. Nc3 g6 4. Be3 Bg7 5. e5 e6 6. Bd3 Nd7 7. Nf3 Nh6 8. Bg5 f6 9. exf6 Nxf6 10. Ne5 Nf5 11. Ng4 Nxd4 12. Nxf6+ Bxf6 13. Bxf6 Qxf6 14. Na4 0-0 15. 0-0 e5 16. c3 Nf5 17. Bc2 e4 18. Qe2 Qg5 19. f4 Qh6 20. Bb3 Nd6 21. Qf2 Bg4 22. Rae1 Kh8 23. Qd4+ Qg7 24. Qxg7+ Kxg7 25. Nc5 Rae8 26. h3 Bf5 27. g4 Bc8 28. Kg2 b6 29. Na4 Ba6 30. Rf2 e3 31. Rf3 e2 32. h4 Nc4 33. Rf2 Nd2 34. Bc2 Ne4 35. Rf3 Nf6 36. Kg3 Ne4+ 37. Kg2 Nd2 38. Rf2 Nc4 39. Bb3 h6 40. Rfxe2 Rxe2+ 41. Rxe2 Rxf4 42. Kg3 Rxg4+ 43. Kh3 Re4 44. Rf2 Ne5 45. Bc2 Re3+ 46. Kg2 Ng4 47. Bd1 Nxf2 48. Kxf2 Re4 49. b3 Rxh4 50. Kg3 Rh1 51. Bf3 Ra1 52. c4 dxc4 53. Bxc6 cxb3 54. axb3 Rc1 55. Ba8 Bb5 56. Nb2 Rb1 57. Nc4 Rxb3+ 58. Kf2 Bxc4 59. Bd5 Bxd5 60. Ke2 a5 61. Kd2 a4 62. Kc2 a3 63. Kc1 a2 64. Kc2 a1Q 65. Kd2 Qc3+ 66. Ke2 Rb2+ 67. Kd1 Qd2# 0-1

[Event "London Classic op U1750 8th"]
[Site "London"]
[Date "2016.12.12"]
[Round "1"]
[White "Goulbourne, Nick"]
[Black "Helps, David"]
[Result "1-0"]
[WhiteElo "1510"]
[BlackElo "1712"]
[PlyCount "136"]
[EventDate "2016.12.12"]
[EventType "swiss"]
[EventRounds "5"]
[EventCountry "ENG"]
[SourceTitle "EXT 2019"]
[Source "ChessBase"]
[SourceDate "2018.10.10"]
[SourceVersion "1"]
[SourceVersionDate "2018.10.10"]
[SourceQuality "1"]

1. d4 Nf6 2. f4 d5 3. Nf3 b6 4. c3 Ba6 5. Nbd2 e6 6. e3 Bxf1 7. Rxf1 c5 8. Kf2 Ng4+ 9. Ke2 Qd7 10. Qc2 Nc6 11. h3 Nh6 12. Ne5 Nxe5 13. fxe5 Rc8 14. Nf3 Nf5 15. Kf2 g6 16. Kg1 Ng3 17. Re1 Be7 18. Qf2 Ne4 19. Qe2 c4 20. Nd2 Nxd2 21. Bxd2 a5 22. e4 f5 23. exf6 Bxf6 24. e5 Bg7 25. Rf1 Ke7 26. Bg5+ Ke8 27. Qg4 Rf8 28. Rf3 Rf5 29. Rxf5 exf5 30. Qh4 h5 31. Bf6 Kf7 32. Re1 Qe6 33. Bxg7 Kxg7 34. Kf2 Rf8 35. Kf3 b5 36. Kf4 b4 37. Qg5 Rf7 38. h4 bxc3 39. bxc3 Rb7 40. Re2 a4 41. Qd8 a3 42. Qd6 Qe7 43. Qxe7+ Rxe7 44. Re1 Rb7 45. Kf3 Kf7 46. Re2 Ke6 47. Ke3 Rb1 48. Rc2 Rh1 49. g3 Rg1 50. Kf2 Rb1 51. Ke2 f4 52. gxf4 Rh1 53. Kf3 Rxh4 54. Rg2 Rh3+ 55. Rg3 Rh1 56. Rxg6+ Ke7 57. Rg2 Rc1 58. f5 Rxc3+ 59. Kf4 Rd3 60. Rg7+ Kf8 61. f6 Rxd4+ 62. Kf5 c3 63. e6 c2 64. e7+ Ke8 65. Rg8+ Kd7 66. e8Q+ Kd6 67. Qe6+ Kc5 68. Rc8+ Kb4 1-0